A bizonyítás alapkérdései a büntető eljárásban

Elmentve itt :
Bibliográfiai részletek
Szerző: Czigléczki Gabriella
További közreműködők: nincs megadva (Témavezető)
Dokumentumtípus: Szakdolgozat
Megjelent: 1985
Tárgyszavak:
Online Access:http://diploma.bibl.u-szeged.hu/21205
LEADER 00583nta a2200157 i 4500
001 dipl21205
005 20130314080610.0
008 111020s1985 hu om 0|| zxx d
040 |a SZTE Diploma Repozitórium  |b hun 
041 |a zxx 
100 1 |a Czigléczki Gabriella 
245 1 2 |a A bizonyítás alapkérdései a büntető eljárásban  |h [elektronikus dokumentum] /  |c Gabriella Czigléczki 
260 |c 1985 
650 4 |a Jogi és igazgatási tanulmányok 
700 1 |a nincs megadva  |e ths 
856 4 0 |u http://diploma.bibl.u-szeged.hu/id/eprint/21205/1/1985_czigleczki_gabriella.pdf  |z Dokumentum-elérés